Gdzie to rośnie? - Klikanie #2 - Statystyki

Ogólne statystyki
  • Ten quiz został rozwiązany 46 razy
  • Średni wynik to 18 z 26
Statystyki odpowiedzi
Hint Odpowiedź % Poprawnych
Brzoskwinia
95%
Gruszka
95%
Morela
95%
Śliwka
93%
Pomarańcza
90%
Mango
90%
Kapusta
90%
Figa
88%
Kalafior
86%
Szczypior
83%
Jarmuż
83%
Szpinak
83%
Rzodkiew
83%
Groszek cukrowy
76%
Rzepa
74%
Chmiel
71%
Pasternak
67%
Szalotka
62%
Czarny pieprz
52%
Melon miodowy
52%
Dynia
48%
Kurkuma
45%
Liść laurowy
43%
Kantalupa
36%
Pochrzyn
31%
Marakuja
17%
Nie znaleziono quizów pasujących do podanych kryteriów
Rozkład punktacji
Procent ludzi z każdym wynikiem
Percentyl według liczby udzielonych odpowiedzi
Twoja historia wyników
Nie rozwiązałeś tego quizu